Statistics for Countries with IKEA

Click here to take the quiz!

General Stats

  • This quiz has been taken 37 times
    (25 since last reset)
  • The average score is 42 of 59

Answer Stats

Answer% Correct
United States
100%
Sweden
96%
Australia
91%
Belgium
91%
Netherlands
91%
Portugal
91%
Spain
91%
United Kingdom
91%
Canada
87%
China
87%
Finland
87%
France
87%
Germany
87%
India
87%
Japan
87%
Mexico
87%
Norway
87%
Austria
83%
Estonia
83%
Ireland
83%
Italy
83%
Switzerland
83%
Czechia
78%
Denmark
78%
Greece
78%
Hungary
78%
Poland
78%
Romania
78%
Slovenia
78%
Turkey
78%
Bulgaria
74%
Iceland
74%
South Korea
74%
Ukraine
74%
Colombia
70%
Croatia
70%
Indonesia
70%
Saudi Arabia
70%
Serbia
70%
Slovakia
70%
Egypt
65%
Latvia
65%
Lithuania
65%
Taiwan
61%
Chile
57%
Israel
57%
Morocco
57%
Thailand
57%
United Arab Emirates
57%
Malaysia
52%
Singapore
52%
Kuwait
48%
Philippines
43%
Bahrain
39%
Cyprus
39%
Qatar
39%
Oman
30%
Jordan
26%
Dominican Republic
17%

Score Distribution

Percentile by Number Answered

Percent of People with Each Score

Your Score History

You have not taken this quiz since the last reset